SIGGRAPH video review. Issue 141, SIGGRAPH 2002. Electronic theater program

Συλλογή 28 αποσπασμάτων τα οποία παρουσιάζουν τις τρέχουσες εξελίξεις στα κινούμενα σχέδια

Αποθηκεύτηκε σε:
Λεπτομέρειες βιβλιογραφικής εγγραφής
Συλλογικό Έργο: SIGGRAPH, Association for Computing Machinery
Μορφή: Διαφάνειες
Γλώσσα:English
Δημοσίευση: New York, N.Y. : ACM, [2002]
Θέματα:
Ετικέτες: Προσθήκη ετικέτας
Δεν υπάρχουν, Καταχωρήστε ετικέτα πρώτοι!

MARC

LEADER 00000 gm a2200000 i 4500
001 1/44333
008 070515s2002 us g eng d
020 |a 1-58113-546-7 
035 |l 10087834 
040 |a GR-MY-UA  |b gre  |e aacr 
041 0 |a eng 
082 0 |a 776.6  |2 (22) 
110 2 |a SIGGRAPH. 
245 1 0 |a SIGGRAPH video review.  |n Issue 141,  |p SIGGRAPH 2002. Electronic theater program  |h [μαγνητοσκόπηση] 
246 3 3 |a Electronic theater program 
246 3 3 |a SIGGRAPH 2002. Electronic theater program 
260 |a New York, N.Y. :   |b ACM,   |c [2002] 
300 |a 1 βιντεοδίσκος (π. 85 λεπτ.);  |b ομίλ., έγχρ.;  |c 4 3/4 ίν. +  |e 1 φυλλάδιο 
505 0 |a 1. Tippett Studio digital human and make up effects for "Blade 2" / Tippett Studio2. "Carl & Ray": 3D character animation work for blockbuster entertainment / Tippett Studio3. EDF La vallee / BUF4. The cathedral / Platige Image5. Coffee love / Ty Primosch6. Graphical modeling and animation of ductile fracture / University of California at Berkeley7. Egg-Cola / Independence8. "It's not the end of the world" super furry animals / Duran Duboi9. Advanced rule-based simulation for "Check-in to disaster" / CA Scanline Production10. Gjenta / Erik Bakke11. Gorillaz at the Brit Awards / Passio Pictures12. The Leis HVC / Vancouver Film School13. Nintendo "Symphony" / La Maison14. A flatpack project / N.C.C.A. Bournemouth University15. Mars explaration rover launch / Cornell University16. Mosquito / Framestore CFC17. "Number one" playgroup / Duran Duboi18. Panic room / BUF19. Passing moments / Ringling School of Art and Design20. Puppet / Ringling School of Art and Design21. Polygon family: episode 2 / Polygon Pictures Inc.22. Recycle bein' / SUPINFOCOM / One Plus One23. Sarah / SUPINFOCOM / One Plus One24. The Snowman / Duck Soup Studios25. Sprout / PDI Dreamworks26. Like a swarm of angry bees... / University of Oregon27. Tanabata / Digital Hollywood28. Le deserteur / SUPINFOCOM / One Plus OneSIGGRAPH 2002 papers review / Digital Domain and Carnegie Mellon University 
520 |a Συλλογή 28 αποσπασμάτων τα οποία παρουσιάζουν τις τρέχουσες εξελίξεις στα κινούμενα σχέδια 
650 0 0 |a Computer animation. 
650 0 0 |a Computer graphics. 
650 0 0 |a Animated films. 
650 0 0 |a Short films. 
710 2 |a Association for Computing Machinery. 
852 |a INST  |b SYROS  |c AV  |e 20070515  |h 776.6 SIG  |p 005500007369  |q 005500007369  |t DVD  |y 23 
901 |a BIBL5-2007-1 
909 |a Ε  |b 129684 
920 |a ΑΝΑΜΟΡΦΩΣΗ  |b ΕΠΕΑΕΚ ΙΙ-ΤΜΣΠΣ  |y ΣΥΡΟΣ  |z 2006-06 
970 |a ΚΟΝΤΟΥ  |b ΠΑΡΑΣΚΕΥΗ  |z 2007/05/15